|
|
|
|
| LEADER |
00000nam a22000007a 4500 |
| 001 |
20150721130747.0 |
| 003 |
AR-RoUNA |
| 005 |
20190731123833.0 |
| 008 |
131121s2014 ag ||||| |||| 00| 0 spa d |
| 020 |
|
|
|a 9789871915781
|
| 040 |
|
|
|a AR-CdUFA
|c AR-CdUFA
|
| 080 |
|
|
|a 624(82)
|
| 245 |
2 |
0 |
|a Plan de obras :
|b 2016-2025 /
|c Daniel Galilea, Cecilia Cavedo, Matías Leiblich, Miranda Noya Gasparetti, Sofía Pirolo
|
| 250 |
|
|
|a 1a. ed.
|
| 260 |
|
|
|a Ciudad Autónoma de Buenos Aires :
|b FODECO,
|c 2016
|
| 300 |
|
|
|a 197 p. :
|c 21x29 cm.
|b Cuadros estadísticos
|
| 490 |
0 |
|
|a Área de pensamiento estratégico
|v v. 26
|
| 648 |
|
0 |
|a 2013
|9 3972
|
| 650 |
|
4 |
|9 13487
|a Transporte
|
| 650 |
|
4 |
|9 15727
|a Infraestructura urbana
|
| 650 |
|
4 |
|9 20887
|a Energía
|
| 650 |
|
4 |
|a Turismo
|9 721
|
| 650 |
|
4 |
|a Minería
|9 5490
|
| 650 |
|
4 |
|a Seguridad
|9 5491
|
| 650 |
|
4 |
|a Tecnologías
|9 5492
|
| 650 |
|
4 |
|a Construcción
|9 5493
|
| 651 |
|
4 |
|9 7544
|a Argentina
|
| 653 |
|
|
|a Propuestas-Licitacion
|
| 700 |
1 |
|
|9 39306
|a Galilea, Daniel.
|
| 700 |
1 |
|
|9 39307
|a Cavedo, Cecilia.
|
| 700 |
1 |
|
|9 5489
|a Pirolo, Sofía
|
| 700 |
1 |
|
|9 5482
|a Leiblich, Matías
|
| 710 |
2 |
|
|9 39302
|a Cámara Argentina de la Construcción
|
| 908 |
|
|
|a Imp
|
| 930 |
|
|
|e 11077
|
| 942 |
|
|
|2 udc
|
| 945 |
|
|
|a MEM
|d 2015-07-21
|
| 999 |
|
|
|c 6706
|d 6706
|